Science Quiz

Random Science or Animal Quiz

Just 3 Words: Animals Quiz Stats

 Plays Quiz Updated May 16, 2019

Score 0/33 Timer 05:00
7 Plays Today
Hints Animal % Correct
Garfield, Siamese, WhiskersCat
95.8%
Babe, Pink, OinkPig
95.6%
Cheese, Jerry, MickeyMouse
95.5%
Milk, Clarabelle, BeefCow
95.3%
Slither, Pungi, VenomSnake
94.9%
Jaws, Pool, GoblinShark
94.8%
Trunk, Memory, DumboElephant
94.8%
Bark, Spaniel, IditarodDog
94.5%
Easter, Lop, RogerRabbit
94.5%
America, Bald, PhiladelphiaEagle
94.4%
Alvin, Chip, AcornChipmunk
94.2%
Saddle, Clydesdale, JockeyHorse
94.2%
Donald, Howard, BillDuck
94.2%
Flipper, Miami, BottlenoseDolphin
94%
Wise, Hoot, TytoOwl
93.9%
Pouch, Joey, BoxKangaroo
93.4%
King, Mane, CowardlyLion
93.4%
Hints Animal % Correct
Emperor, Tuxedo, WaddlePenguin
93%
Bullwinkle, Canada, AntlersMoose
90.9%
Slow, Toed, TreesSloth
89.7%
Sly, Fantastic, VivicaFox
89.4%
Gobble, Pardon, AnkaraTurkey
89.1%
Pink, Florida, CasinoFlamingo
88.6%
Dam, Bucky, EagerBeaver
87.8%
Billy, Beard, NannyGoat
87.7%
Blitzen, Siberia, GamesReindeer
86.4%
Proud, Plumage, NBCPeacock
85.1%
Silverback, Fossey, MagillaGorilla
84.4%
Neck, Geoffrey, RothschildGiraffe
83.7%
Nile, Smile, ReptileCrocodile
83.4%
Desert, Acme, BeepRoadrunner
81.5%
Spit, Groove, PeruLlama
77.3%
Fink, Rod, RizzoRat
58.3%

You're not logged in!

Compare scores with friends on all Sporcle quizzes.
OR
Log In

Sporcle TV

Today on Sporcle TV


Watch our educational content, quiz creation guides, and fun videos on Sporcle TV.

Show Comments

Extras

Top Quizzes Today


Score Distribution

Your Account Isn't Verified!

In order to create a playlist on Sporcle, you need to verify the email address you used during registration. Go to your Sporcle Settings to finish the process.

Report this User

Report this user for behavior that violates our Community Guidelines.

Details: